Films avec une description foireuse - Statistiques

Statistiques générales
  • Ce quiz a été pris 2 040 fois
  • Le résultat moyen est 5 sur 15
Statistiques - réponses
Indice Flim % Correct
Un groupe de vieux potes du règne animal lutte contre le réchauffement climatique tandis que le fil rouge est un gland L'Age de Glace
81%
Un marathonien simplet s'improvise prof d'histoire du monde libre Forrest Gump
67%
Une sombre histoire d'inceste dans un univers étoilé Star Wars
61%
Un ultra capitaliste capricieux possédant trop de jouets applique sa vision très particulière de la justice dans une ville fictive Batman
52%
Deux parents irresponsables abandonnent leur petite fille au profit d'un buffet à volonté Le Voyage de Chihiro
40%
Un salarié en manque de sommeil s'auto-mutile à des fins sectaires Fight Club
37%
Les aventures d'un n-noble dans sa quête de d-di-diction Le Discours d'un Roi
21%
Après le décès de sa mère, un gosse handicapé se perd au coursd'une sortie scolaire aquatique Le Monde de Nemo
20%
Un groupe d'ados grossophobes découvre le capital vieillesse d'uncorsaire avec l'aide d'un moche Les Goonies
20%
Le prix de l'essence flambant, un groupe de féministe décide de fuiravec les stock dans un décors sablonneux Mad Max Fury Road
17%
Un jeune boulanger en mal d'amour suit tant bien que mal son crush qui a pour seule ambition de le tuer dans un contexte de vache maigre Hunger Games
11%
Les aventures d'un simili Indiana Jones qui vandalise en toute conscience la maigre histoire des Etats-Unis Benjamin Gates
10%
Règlement de compte à grande distance dans Volgograd Stalingrad
10%
Un passionné d'architecture vient en aide à un bourgeois enmanque de reconnaissance sociale Le Diner de Cons
4%
Un ermite acariâtre entre en quête d'une héritière à livrer à son bailleur Shrek
3%
Aucun quiz correspondant
Distribution des résultats
% des personnes avec chaque résultat
Percentile par nombre de réponses
Votre historique - résultats
Vous n’avez pas pris ce quiz